| Tag |
First Indicator |
Second Indicator |
Subfields |
| LEADER |
00000cam a2200000 a 4500 |
| 001 |
in00000001618 |
| 008 |
970324s1997 mdua bs f000 0 eng c |
| 005 |
20230309222503.3 |
| 010 |
|
|
|a 97010617
|
| 020 |
|
|
|a 0840605250 :
|c $9.00
|
| 035 |
|
|
|a (OCoLC)36682344
|
| 035 |
|
|
|9 AJC3003AM
|
| 035 |
|
|
|a in00000001618
|
| 037 |
|
|
|a 017-022-01372-0
|b GPO
|
| 040 |
|
|
|a DNLM/DLC
|d NLM
|d XBM
|d GZM
|d GPO
|d DLC
|d MvI
|d UtOrBLW
|
| 043 |
|
|
|a n-us---
|
| 049 |
|
|
|a UDOC
|a UDOC
|
| 049 |
|
|
|a WWW
|
| 050 |
0 |
0 |
|a RA407.3
|b .A349 no. 129
|
| 060 |
0 |
0 |
|a W2 A
|b N148vm no.129 1997
|
| 074 |
|
|
|a 0500-E
|
| 074 |
|
|
|a 0500-E (online)
|
| 082 |
0 |
0 |
|a 362.1/0973/021 s
|a 362.1/0973/021
|2 21
|
| 086 |
0 |
|
|a HE 20.6209:13/129
|
| 100 |
1 |
|
|a Schappert, Susan M.
|
| 245 |
1 |
0 |
|a Ambulatory care visits to physician offices, hospital outpatient departments, and emergency departments :
|b United States, 1995 /
|c [S.M. Schappert].
|
| 264 |
|
1 |
|a Hyattsville, Md. :
|b U.S. Dept. of Health and Human Services, Centers for Disease Control and Prevention, National Center for Health Statistics ;
|c [1997]
|
| 264 |
|
2 |
|a Washington, DC :
|b For sale by the U.S. G.P.O., Supt. of Docs.,
|
| 300 |
|
|
|a iv, 38 pages :
|b illustrations ;
|c 28 cm.
|
| 336 |
|
|
|a text
|b txt
|2 rdacontent
|
| 337 |
|
|
|a unmediated
|b n
|2 rdamedia
|
| 338 |
|
|
|a volume
|b nc
|2 rdacarrier
|
| 490 |
1 |
|
|a DHHS publication ;
|v no. (PHS) 97-1790
|
| 490 |
1 |
|
|a Vital and health statistics. Series 13,
|a Data from the National Health Care Survey ;
|v no. 129
|
| 500 |
|
|
|a Based on data collected from a national sample of office-based physicians and the outpatient and emergency departments of non-Federal, general and short-stay hospitals in the United States; statistics are presented on the provision and utilization of ambulatory medical care services during 1995. Ambulatory medical care services are described in terms of patient and visit characteristics overall, and across the various types of medical care settings.
|
| 500 |
|
|
|a Shipping list number: 97-0256-P.
|
| 500 |
|
|
|a "June 1997."
|
| 504 |
|
|
|a Includes bibliographical references (page 8).
|
| 530 |
|
|
|a Also available via Internet from the NCHS web site (PDF file only).
|
| 650 |
|
0 |
|a Ambulatory medical care
|x Utilization
|x Reporting
|z United States.
|
| 650 |
1 |
2 |
|a Ambulatory Care Facilities
|z United States
|v statistics.
|
| 650 |
1 |
2 |
|a Office Visits
|z United States
|v statistics.
|
| 650 |
2 |
2 |
|a Ambulatory Care
|z United States
|v statistics.
|
| 710 |
2 |
|
|a National Center for Health Statistics (U.S.)
|
| 830 |
|
0 |
|a DHHS publication ;
|v no. (PHS) 97-1790.
|
| 830 |
|
0 |
|a Vital and health statistics.
|n Series 13,
|p Data from the National Health Survey ;
|v no. 129.
|
| 856 |
4 |
1 |
|u https://purl.fdlp.gov/GPO/LPS1718
|z Adobe Acrobat Reader required to view document
|t 0
|
| 999 |
|
|
|a MARS
|
| 999 |
f |
f |
|i 02d1a9aa-2acb-34ac-b40f-9f7adc4a8d6c
|s d4dff5fb-2923-3b25-8f93-bcb4c22a5feb
|t 0
|
| 952 |
f |
f |
|a Texas A&M University
|b College Station
|c Electronic Resources
|d Available Online
|t 0
|e HE 20.6209:13/129
|h Superintendent of Documents classification
|
| 998 |
f |
f |
|a HE 20.6209:13/129
|t 0
|l Available Online
|